Tratado del mal / (Record no. 119986)

MARC details
000 -LEADER
campo de control de longitud fija 00636nam a2200205 4500
001 - NÚMERO DE CONTROL
campo de control 119986
003 - IDENTIFICADOR DE NÚMERO DE CONTROL
campo de control ES-MaACL
005 - FECHA Y HORA DE LA ÚLTIMA TRANSACCIÓN
campo de control 20230906191437.0
007 - CAMPO FIJO DE DESCRIPCIÓN FÍSICA--INFORMACIÓN GENERAL
campo de control de longitud fija t|
008 - DATOS DE LONGITUD FIJA--INFORMACIÓN GENERAL
campo de control de longitud fija 070214s1981 sp r ||||1| spa d
100 1# - ENTRADA PRINCIPAL--NOMBRE DE PERSONA
Nombre de persona Pinto Grote, Carlos.
9 (RLIN) 92232
245 10 - MENCIÓN DEL TÍTULO
Título Tratado del mal /
Mención de responsabilidad, etc. Carlos Pinto Grote.
260 ## - PUBLICACIÓN, DISTRIBUCIÓN, ETC.
Lugar de publicación, distribución, etc. Santa Cruz de Tenerife :
Nombre del editor, distribuidor, etc. Aula de Cultura del Excmo. Cabildo Insular de Tenerife,
Fecha de publicación, distribución, etc. 1981.
300 ## - DESCRIPCIÓN FÍSICA
Extensión 66 p. :
Otras características físicas 20 cm.
490 1# - MENCIÓN DE SERIE
Mención de serie Act. Poesía ;
Designación de volumen o secuencia 1
710 1# - ENTRADA AGREGADA--NOMBRE DE ENTIDAD CORPORATIVA
Nombre de entidad corporativa o nombre de jurisdicción como elemento de entrada Tenerife.
Unidad subordinada Cabildo Insular.
9 (RLIN) 6938
830 0# - PUNTO DE ACCESO ADICIONAL DE SERIE-TÍTULO UNIFORME
Título uniforme Act. Poesía ;
Designación de volumen o secuencia 1
9 (RLIN) 218645
852 ## - LOCALIZACIÓN
Ubicación ES-MaACL
Número de control de estantería L-1028
Sublocalización o colección R.101859
Holdings
Estatus retirado Estado de pérdida Estado de daño No para préstamo Biblioteca de origen Biblioteca actual Ubicación en estantería Fecha de adquisición Fuente de adquisición Total de préstamos Signatura topográfica completa Código de barras Visto por última vez Precio de reemplazo Tipo de ítem Koha
        Biblioteca del Ateneo de Madrid Biblioteca del Ateneo de Madrid Depósito 2 17/01/2008     L-1028 1125066 23/02/2023 23/02/2023 Libro impreso